000 00885nam a2200265 i 4500
003 DO-SdBNP
005 20251120073734.0
007 ta
008 240521s2012 dr ao 000 0 spa d
020 _a9789945471359
040 _aDO-SdBNP
_bspa
_cBNPHU
_erda
082 _222
_bP592
100 _aPichardo Concepción, José Francisco
_97887
_d1946-
245 1 0 _aCuidado de vehículos y manejo defensivo :
_bmanual /
_cJosé Francisco Pichardo Concepción
264 1 _aSanto Domingo :
_bCONAEP,
_c2012.
300 _a31 páginas
_c28 cm.
336 _2rdacontent
_atexto
_btxt
337 _2rdamedia
_asin mediación
_bn
338 _2rdacarrier
_avolumen
_bnc
500 _aIncluye datos biografícos del autor en la página 33.
590 _aInventariado, 2024/ YL
710 2 _aPontificia Universidad Católica Madre y Maestra
_9843
910 _aYLockward
942 _2ddc
_cLF2
999 _c56709
_d56709